Catálogo

Nelson tratado de pediatría / (Registro nro. 36976)

Detalles MARC
000 -LEADER
fixed length control field 01204cam a2200325 i 4500
001 - CONTROL NUMBER
control field 36976
003 - CONTROL NUMBER IDENTIFIER
control field Mx-PuUPA
005 - DATE AND TIME OF LATEST TRANSACTION
control field 20240410103759.0
008 - FIXED-LENGTH DATA ELEMENTS--GENERAL INFORMATION
fixed length control field 140415s1997 mx a r 000 0 spa d
020 ## - INTERNATIONAL STANDARD BOOK NUMBER
International Standard Book Number 9701015614
040 ## - CATALOGING SOURCE
Description conventions rda
Original cataloging agency Mx-PuUPA
Language of cataloging spa
Transcribing agency Mx-PuUPA
Modifying agency Mx-PuUPA
041 0# - LANGUAGE CODE
Language code of text/sound track or separate title spa
100 1# - MAIN ENTRY--PERSONAL NAME
Personal name Behrman, Richard E.,
Dates associated with a name 1931
Relator term autor
9 (RLIN) 4157
240 10 - UNIFORM TITLE
Uniform title Textbook of pediatrics
Language of a work Español
245 10 - TITLE STATEMENT
Title Nelson tratado de pediatría /
Statement of responsibility, etc. Richard E. Behrman, Robert M. Kliegman, Ann M. Arvin ; traducción, Isabel Alvarez Baleriola [y otros catorce].
250 ## - EDITION STATEMENT
Edition statement Tercera edición
264 #1 - PRODUCTION, PUBLICATION, DISTRIBUTION, MANUFACTURE, AND COPYRIGHT NOTICE
Place of production, publication, distribution, manufacture México, D.F. :
Name of producer, publisher, distributor, manufacturer McGraw-Hill Interamericana,
Date of production, publication, distribution, manufacture, or copyright notice 1997
300 ## - PHYSICAL DESCRIPTION
Extent 2 volúmenes (paginación varía) :
Other physical details ilustraciones ;
Dimensions 28 cm.
336 ## - CONTENT TYPE
Content type term texto
Fuente rdacontent
Content type code txt
337 ## - MEDIA TYPE
Media type term sin medio
Source rdamedia
Media type code n
338 ## - CARRIER TYPE
Carrier type term volumen
Source rdacarrier
Carrier type code nc
650 #4 - SUBJECT ADDED ENTRY--TOPICAL TERM
Topical term or geographic name entry element Pediatría
700 1# - ADDED ENTRY--PERSONAL NAME
Personal name Kliegman, Robert,
Relator term autor
9 (RLIN) 7490
700 1# - ADDED ENTRY--PERSONAL NAME
Personal name Arvin, Ann M.,
Relator term autor
700 1# - ADDED ENTRY--PERSONAL NAME
Personal name Nelson, Waldo E.,
Relator term editor
700 1# - ADDED ENTRY--PERSONAL NAME
Personal name Alvarez Baleriola, Isabel,
Relator term traductor
765 08 - ORIGINAL LANGUAGE ENTRY
Main entry heading Behrman, Richard E.,
Title Textbook of pediatrics.
942 ## - ADDED ENTRY ELEMENTS (KOHA)
Koha item type Libro
Source of classification or shelving scheme Dewey Decimal Classification
Classification part 618.92
Item part B4195
Existencias
Withdrawn status Lost status Source of classification or shelving scheme Damaged status Not for loan Collection code Home library Current library Shelving location Date acquired Source of acquisition Serial Enumeration / chronology Total Checkouts Full call number Barcode Date last seen Date last checked out Price effective from Koha item type Checked out Copy number Total Renewals
    Dewey Decimal Classification     General Biblioteca Karol Wojtyla Biblioteca Karol Wojtyla Sala general 03/12/2013 Compra v.1 1 618.92 B4195 1997 55617 05/01/2026 18/10/2019 21/04/2017 Libro      
    Dewey Decimal Classification     General Biblioteca Karol Wojtyla Biblioteca Karol Wojtyla Sala general 03/12/2013 Compra   1 618.92 B4195 1997 55616 19/09/2013 19/09/2013 21/04/2017 Libro 19/09/2013    
  Extraviado Dewey Decimal Classification       Biblioteca Karol Wojtyla Biblioteca Karol Wojtyla   03/12/2013 Compra     618.92 BEH 1997 56452     21/04/2017 Libro      
    Dewey Decimal Classification     General Biblioteca Karol Wojtyla Biblioteca Karol Wojtyla Sala general 21/04/2017 Compra v.1   618.92 B4195 1997 55615 05/01/2026   21/04/2017 Libro   Ej.2  
  Extraviado Dewey Decimal Classification       Biblioteca Karol Wojtyla Biblioteca Karol Wojtyla   03/12/2013 Compra     618.92 BEH 1997 56451     21/04/2017 Libro      
    Dewey Decimal Classification     General Biblioteca Karol Wojtyla Biblioteca Karol Wojtyla Sala general 21/04/2017 Compra v.2 1 618.92 B4195 1997 54689 05/01/2026 14/10/2019 03/10/2017 Libro   Ej.2  
    Dewey Decimal Classification     General Biblioteca Karol Wojtyla Biblioteca Karol Wojtyla Sala general 21/04/2017 Compra v.1 3 618.92 B4195 1997 54688 05/01/2026 30/05/2022 03/10/2017 Libro   Ej.3 1
    Dewey Decimal Classification     General Biblioteca Karol Wojtyla Biblioteca Karol Wojtyla Sala general 03/12/2013 Compra v.2   618.92 B4195 1997 55618 05/01/2026   21/04/2017 Libro